<?xml version="1.0" encoding="utf-8"?>
<?xml-stylesheet type='text/xsl' href='./oai2.xsl'?>
<OAI-PMH xmlns="http://www.openarchives.org/OAI/2.0/" xmlns:xsi="http://www.w3.org/2001/XMLSchema-instance" xsi:schemaLocation="http://www.openarchives.org/OAI/2.0/ http://www.openarchives.org/OAI/2.0/OAI-PMH.xsd">
  <responseDate>2026-06-05T15:25:10Z</responseDate>
  <request verb="GetRecord" metadataPrefix="marcxml" identifier="record_kuniweb_948287">https://kulturerbe.niedersachsen.de/oai</request>
  <GetRecord>
    <record>
      <header>
        <identifier>record_kuniweb_948287</identifier>
        <datestamp>2018-03-26T07:18:59Z</datestamp>
        <setSpec>slg0198</setSpec>
      </header>
      <metadata>
        <marc:record xmlns:marc="http://www.loc.gov/MARC21/slim" xsi:schemaLocation="http://www.loc.gov/MARC21/slim http://www.loc.gov/standards/marcxml/schema/MARC21slim.xsd">
          <marc:leader>12345nkm  22     uu 4500</marc:leader>
          <marc:controlfield tag="001">948287</marc:controlfield>
          <marc:controlfield tag="003">http://kuniweb.gbv.de</marc:controlfield>
          <marc:controlfield tag="005">2017-08-29T10:28:46</marc:controlfield>
          <marc:controlfield tag="008">|           ||||||||||||||||||||||</marc:controlfield>
          <marc:datafield tag="245" ind1="1" ind2="0">
            <marc:subfield code="a">Fest zum Protest</marc:subfield>
          </marc:datafield>
          <marc:datafield tag="655" ind1=" " ind2="7">
            <marc:subfield code="a">Plakate</marc:subfield>
          </marc:datafield>
          <marc:datafield tag="046" ind1=" " ind2=" ">
            <marc:subfield code="k">2004</marc:subfield>
            <marc:subfield code="k">2004</marc:subfield>
          </marc:datafield>
          <marc:datafield tag="260" ind1=" " ind2=" ">
            <marc:subfield code="g">2004</marc:subfield>
            <marc:subfield code="g">2004</marc:subfield>
          </marc:datafield>
          <marc:datafield tag="300" ind1=" " ind2=" ">
            <marc:subfield code="a">Höhe: 59,35 cm
Breite: 41,7 cm</marc:subfield>
          </marc:datafield>
          <marc:datafield tag="520" ind1=" " ind2=" ">
            <marc:subfield code="a">Am 4. September 20014 gibt es wieder ein "Fest zum Protest" Diesmal an der Seerauer Brücke, an der Castorstrecke zwischen Hitzacker und Dannenberg. Das Motto: "Mit Sport, Spiel und Hochspannung gegen den Atomstaat.
Im Rahmen dieses Festes bietet der Ermittlungsausschuß Gorleben in Zusammenarbeit mit einigen AnwältInnen vor Ort 
eine Informations- und Diskussionsveranstaltung an. Themen: Grundrechteabbau, Freiheitsentziehungsverfahren, Dörfereinkesselungen. Berichtet wird über die Verfahren, Erfolge und Niederlagen und die Bedeutung für den nächsten Castortransport.

Schlagworte: 
Gorleben, Atomkraft, Atommüll, Atomtransport, Castor, Fest, Aktion, Castortransport.
 (Gorleben Archiv / Birgit Huneke)

Grüne Wendlandsonne.
Text:
4. September 2004 Seerauer Brücke
an der Castor-Strecke zwischen Hitzacker &amp; Dannenberg
Das Fest
lack of limits
Folkrock
Microfon-Mafia
Hip-Hop
Fargow Crossover
Alices gun rock
zum Protest
13 bis 24 Uhr Eintritt 5/3 Euro
13 Uhr: Bräsig-Pokal (Fußballtunier)
Essen &amp; Trinken &amp;Infostände
Tischfußball (Tunier) 
Kinderprogramm &amp; Sport, Spiel &amp; Hochspannung zu Land und in der Luft 
Informationen: www.bi-lüchow-dannenberg.de
Drawehner Str. 3. 29439 Lüchow, Telefon 04841-4684 Fax 3197  (Bürgerinitiative Umweltschutz Lüchow-Dannenberg e.V.)

Verwendungszweck:
Protest gegen die Atomanlagen in Gorleben</marc:subfield>
          </marc:datafield>
          <marc:datafield tag="650" ind1="1" ind2=" ">
            <marc:subfield code="a">Widerstand</marc:subfield>
          </marc:datafield>
          <marc:datafield tag="650" ind1="1" ind2=" ">
            <marc:subfield code="a">Protest</marc:subfield>
          </marc:datafield>
          <marc:datafield tag="650" ind1="1" ind2=" ">
            <marc:subfield code="a">Kernenergie</marc:subfield>
          </marc:datafield>
          <marc:datafield tag="650" ind1="1" ind2=" ">
            <marc:subfield code="a">Plakate</marc:subfield>
          </marc:datafield>
          <marc:datafield tag="773" ind1="0" ind2=" ">
            <marc:subfield code="t">Plakate - Sammlung. Protestkultur gegen die Atomanlagen in Gorleben</marc:subfield>
          </marc:datafield>
          <marc:datafield tag="852" ind1=" " ind2=" ">
            <marc:subfield code="a">Gorleben Archiv e.V.</marc:subfield>
          </marc:datafield>
          <marc:datafield tag="" ind1=" " ind2=" ">
            <marc:subfield code="a">Rechte vorbehalten – Freier Zugang</marc:subfield>
          </marc:datafield>
        </marc:record>
      </metadata>
    </record>
  </GetRecord>
</OAI-PMH>
